000 00320pam a2200133 a 4500
020 _c
041 _aeng
082 _a338
_bDEV
100 _aDevine , P.J ,
_eLee , N . ,
245 _aAn Introduction to Industrial Economics
_hTextual Documents
260 _aLondon:
_bGeorge Alle .
300 _a502p.
930 _a17632
999 _c94532
_d94532